LIBRARY & INFORMATION CENTRE, KCAET, TAVANUR

ONLINE PUBLIC ACCESS CATALOGUE (OPAC)

Method of test for soils part-5 determination of liquid and plastic limit IS: 2720 (Part 5)-1985 (Record no. 10557)

MARC details
000 -LEADER
fixed length control field 00925cam a2200145ua 4500
041 ## - LANGUAGE CODE
Language code of text/sound track or separate title eng
082 ## - DEWEY DECIMAL CLASSIFICATION NUMBER
Classification number 624.131
Item number IND/ME
245 ## - TITLE STATEMENT
Title Method of test for soils part-5 determination of liquid and plastic limit IS: 2720 (Part 5)-1985
260 ## - PUBLICATION, DISTRIBUTION, ETC. (IMPRINT)
Place of publication New Delhi :
Name of publisher Indian Standards Institution ,
Year of publication 1985.
300 ## - PHYSICAL DESCRIPTION
Number of Pages 16 :
Other physical details 506 ; .
942 ## - ADDED ENTRY ELEMENTS (KOHA)
Koha item type Books
Holdings
Withdrawn status Lost status Damaged status Home library Current library Date acquired Full call number Accession Number Koha item type
      KAUAET KAUAET 07/04/2012 624.131 17224 Standards
free website counter